All of Bernadotte's Battles - Statistics

General Stats
  • This quiz has been taken 2 times
  • The average score is 3 of 13
Answer Stats
Year Battle % Correct
1805 Battle of Austerlitz
100%
1813 Battle of Leipzig
100%
1806 Battle of Lübeck
50%
1809 Battle of Wagram
50%
1813 Battle of Dennewitz
0%
1794 Battle of Fleurus
0%
1813 Battle of Großbeeren
0%
1807 Battle of Guttstadt-Deppen
0%
1806 Battle of Halle
0%
1809 Battle of Linz-Urfahr
0%
1807 Battle of Mohrungen
0%
1796 Battle of Theiningen
0%
1809 Walcheren Campaign
0%
No matching quizzes found
Score Distribution
Percent of People with Each Score
Percentile by Number Answered
Your Score History
You have not taken this quiz